| 000 | 00514nam a2200181Ia 4500 | ||
|---|---|---|---|
| 005 | 20250423100543.0 | ||
| 008 | 250422s9999 xx 000 0 und d | ||
| 020 | _a9781684220229 | ||
| 050 | _aJF 2049 .R63/ | ||
| 100 | _aMichels, Robert | ||
| 245 | 0 | _aPolitical parties: a socialogical study of the oligarchical tendencies of modern democracy | |
| 260 | _aNew York | ||
| 260 | _bMartino Fine Books | ||
| 260 | _c2016 | ||
| 300 | _a379 p | ||
| 650 | _a Political parties. Democracy. | ||
| 942 | _cBK | ||
| 999 |
_c33658 _d33658 |
||